Регионална библиотека "Любен Каравелов" - Русе

Голяма книга българските празници и обичаи (Запис номер 425918)

MARC детайли
000 -Лидер
Контролно поле с фиксирана дължина 01972nam a2200385 c 4500
003 - Код на организацията, давaща контролен номер
Контролно поле BLK
005 - Дата и час на последна редакция
Контролно поле 20250319154449.0
008 - Елементи от данни с фиксирана дължина
fixed length control field 180410b bul|||||r ||||||| ||bul||
010 ## - Наследен системен номер
LC control number KNG00150649000
020 ## - Международен стандартен номер на книга ISBN
Международен стандартен номер на книга ISBN 9786192401078
040 ## - Източник на каталожния запис
Идентификатор на билиотеката - собственик на записа BLK
041 ## - Код за език
Код за езика на текст/звукозапис или на отделно заглавие Български
Код за езика КДБФ Български
072 #7 - Код за тематичната категория
Код организация bullib
Код за тематична категория Н39
Текст Етнология. Фолклористика Н
080 ## - УДК
Текстов определител УДК Нрави и обичаи в частния живот. Обреди при раждане, кръщене, пълнолетие, жертвопринасяне, сватба, семеен живот, брак, любов, дружба, гостоприемство, осиновяване и др.
УДК код - определител по УДК 392
УДК определител (497.2)
УДК - код + определител 392(497.2)
080 ## - УДК
Текстов определител УДК Народни вярвания. Народни обичаи. Суеверия, свързани с годишни времена, с дома, религиозни празници и др. Нестинарство
УДК код - определител по УДК 398.3
УДК определител (497.2)
УДК - код + определител 398.3(497.2)
100 1# - Редна дума - Автор
Автор Баева, Вихра Господинова
Авторска отговорност първи автор
R(LIN) 328351
139 ## - Редно поле
Редна дума Баева, Вихра Господинова
Авторски знак Баг - Б 13
245 ## - Сведения за заглавието
Заглавие Голяма книга българските празници и обичаи
Редно поле (дума) Вихра Баева, Веселка Тончева
257 ## - Страна на издаване
Страна на създаване/издаване България
260 ## - Област на издателските данни
Име на издателя, разпространителя и проч. ПАН
Година на издаване 2019
9 (RLIN) 209558
Място на издаване, разпространение и проч. София
Издателство - префикс ISBN 978-954-660- ; 978-954-657-
300 ## - Физическа характеристика
Страници 256 с.
Илюстрации и др. с цв. ил.
Размери/Мащаб 24 см
380 ## - Жанр
Жанр Обществени науки
500 ## - Общи забележки
Забележка За авторите: с. 251<br/>
504 ## - Забележка за наличие на библиография и др
Забележка за наличие на библиография и под. Библиогр.: с. 247-250
650 #4 - Допълнително описание по предмет – тема
Основно описание – тема или топоним Народни вярвания, български
9 (RLIN) 249706
650 #7 - Допълнително описание по предмет – тема
Основно описание – тема или топоним Народни обичаи и обреди, български
Източник на редна или ключова дума
9 (RLIN) 163359
651 #4 - Допълнително описание по предмет - топоним
Географско понятие България
9 (RLIN) 241624
653 ## - Ключова дума – ненормативна
Ключова дума български обичаи
653 ## - Ключова дума – ненормативна
Ключова дума народни вярвания
653 ## - Ключова дума – ненормативна
Ключова дума обреди
659 ## - Тематичен бюлетин
Тематичен бюлетин Н
852 ## - Местоположение
Форматна сигнатура Цб 308543
999 ## - СИСТЕМНИ КОНТРОЛНИ НОМЕРА
Koha biblionumber 425918
Koha biblioitemnumber 425918
942 ## - АРТИКУЛИ
Вид на библиотечния материал Книги
Скрит в OPAC Не
Периодичен библиозапис Да
Koha issues (borrowed), all copies 2
944 ## - СЪЗДАВАНЕ И РЕДАКЦИЯ на ЗАПИСА
Създаване/Редакция Създаване
Дата на регистрацията/редакция 2021-07-29
Служител, извършил регистрацията/редакцията 30564
Статус, дата на статуса Анна Гръцманова
Наличности
Код за отписване Код за изгубен артикул Източник на класификационната схема Код за повреда Коз за рестрикции Код за отдаване Артикулен № Име на библиотеката - собственик Име на библиотеката, в която се намира в момента Статус (Текущо местоположение) Дата на вписване в системата Местоположение - отдел Цена в лева Систематично азбучна сигнатура Баркод Цена в евро Служебен тип на артикула
  Не е изгубен Universal Decimal Classification Не е повреден само за читалня ползва се в читалня 845904 Регионална библиотека "Любен Каравелов" Русе Регионална библиотека "Любен Каравелов" Русе Хранилище 2021-08-02 Хранилище 8.90 Цб 308543 120000858639 4.55 Книги
  Не е изгубен Universal Decimal Classification Не е повреден без рестрикции заемане за дома 862896 Регионална библиотека "Любен Каравелов" Русе Регионална библиотека "Любен Каравелов" Русе Детски отдел 2021-11-19 Детски отдел 6.68 39/Б 13 В 120000862853 3.42 Книги
Vip Innovations Ltd, Rousse, Bulgaria 2025